Doctor Who Story Titles — Every Word Appearing More Than Once - Statistics

General Stats
  • This quiz has been taken 69 times
    27 since last reset
  • The average score is 46 of 94
Answer Stats
# Times Used Word % Correct
6 a
100%
13 and/&
100%
250 The
100%
5 Cybermen
95%
3 Dalek
95%
108 of
95%
14 Time
89%
18 Daleks
79%
12 Doctor
79%
13 in
79%
6 War
79%
8 Death
74%
5 Earth
74%
6 Who
74%
2 Child
68%
3 Fear
68%
11 Planet
68%
2 Sontaran
68%
8 Space
68%
5 Terror
68%
5 Day
63%
4 End
63%
2 Horror
63%
2 Moon
63%
4 on
63%
6 World
63%
3 Curse
58%
3 Doctors
58%
2 Doctor's
58%
3 Girl
58%
7 Invasion
58%
2 Monster
58%
4 Power
58%
2 Saint/St
58%
2 Zygon
58%
3 Dead
53%
2 Ghost
53%
3 Mars
53%
3 Night
53%
3 Robot
53%
6 to
53%
3 Blood
47%
3 Christmas
47%
3 Deep
47%
2 Enemy
47%
2 Galaxy
47%
2 River
47%
3 Three
47%
3 Warriors
47%
2 Web
47%
2 4/Four
42%
2 Angels
42%
2 Black
42%
2 Cold
42%
2 Dinosaurs
42%
4 Evil
42%
2 Experiment
42%
3 from
42%
2 Last
42%
2 Peladon
42%
2 Rani
42%
2 Seeds
42%
3 Song
42%
2 Woman
42%
2 Ark
37%
2 Face
37%
2 Ice
37%
2 Nightmare
37%
2 Pit
37%
2 Beast
32%
2 Heaven
32%
2 Makers
32%
2 Manhattan
32%
2 Mind
32%
2 Silver
32%
2 Devils
26%
2 Doomsday
26%
2 Eve
26%
2 Impossible
26%
2 Kill
26%
2 Light
26%
2 Monsters
26%
2 Snowmen
26%
2 Town
26%
2 Boom
21%
2 Demons
21%
2 Flesh
21%
2 Forest
21%
2 Sea
21%
2 Knock
16%
2 Revolution
16%
2 You
16%
2 Legend
11%
2 Ruby
11%
No matching quizzes found
Score Distribution
Percent of People with Each Score
Percentile by Number Answered
Your Score History
You have not taken this quiz since the last reset